[Event "Almansa op-B"]
[Site "Almansa"]
[Date "2014.08.06"]
[Round "2"]
[White "De la Calle Fuentes, Sergio"]
[Black "Boj Marques, Javier"]
[Result "0-1"]
[WhiteElo "1716"]
[BlackElo "1950"]
[PlyCount "80"]
[EventDate "2014.08.05"]
[EventType "swiss"]
[EventRounds "9"]
[EventCountry "ESP"]
[SourceTitle "EXT 2019"]
[Source "ChessBase"]
[SourceDate "2018.10.10"]
[SourceVersion "1"]
[SourceVersionDate "2018.10.10"]
[SourceQuality "1"]

1. e4 e6 2. d4 d5 3. Nc3 Nf6 4. Bg5 Bb4 5. e5 h6 6. Bd2 Bxc3 7. bxc3 Ne4 8. Bd3 Nxd2 9. Qxd2 c5 10. Ne2 c4 11. f4 cxd3 12. Qxd3 b6 13. 0-0 Ba6 14. Qe3 Qd7 15. a4 Nc6 16. Rf3 Bxe2 17. Qxe2 Na5 18. g4 h5 19. Rh3 h4 20. Qf2 0-0-0 21. Rxh4 Kb7 22. f5 Rxh4 23. Qxh4 Rc8 24. Qh7 Rxc3 25. Qxg7 exf5 26. Rf1 Rc7 27. gxf5 Qxa4 28. c3 Qb3 29. Rf3 Nc6 30. Kg2 a5 31. h4 a4 32. Qg3 a3 33. c4 Qb2+ 34. Rf2 Qxd4 35. Qxa3 dxc4 36. Ra2 Qg4+ 37. Kf1 Qxf5+ 38. Kg2 Qe4+ 39. Kf1 Qd3+ 40. Kg2 Qxa3 0-1

[Event "Almansa U2000 op 7th"]
[Site "Almansa"]
[Date "2012.08.08"]
[Round "3"]
[White "Sanchez Mas, Carlos"]
[Black "Boj Marques, Javier"]
[Result "1/2-1/2"]
[WhiteElo "1794"]
[BlackElo "1956"]
[PlyCount "71"]
[EventDate "2012.08.07"]
[EventType "swiss"]
[EventRounds "9"]
[EventCountry "ESP"]
[SourceTitle "EXT 2024"]
[Source "ChessBase"]
[SourceDate "2023.10.10"]
[SourceVersion "1"]
[SourceVersionDate "2023.10.10"]
[SourceQuality "1"]

1. e4 e6 2. d4 d5 3. exd5 exd5 4. Nf3 Bd6 5. c4 c6 6. Nc3 Ne7 7. Bd3 dxc4 8. Bxc4 0-0 9. 0-0 h6 10. Re1 Nd7 11. Ne5 Nf6 12. Qf3 Bxe5 13. dxe5 Nfd5 14. Nxd5 cxd5 15. Bb3 Qa5 16. Be3 Be6 17. Rac1 Rac8 18. Qf4 Rxc1 19. Rxc1 Rc8 20. Rxc8+ Nxc8 21. Bd2 Qc7 22. Qd4 b6 23. h3 Ne7 24. f4 Qc5 25. Be3 Qxd4 26. Bxd4 h5 27. Kf1 Kf8 28. Ke2 Ke8 29. Ba4+ Kd8 30. Kd3 Kc7 31. b4 Ng6 32. Ke3 Nh4 33. Kf2 Nf5 34. Bb2 Ne7 35. a3 a6 36. Bc2 1/2-1/2

[Event "Almansa op-B 6th"]
[Site "Almansa"]
[Date "2011.08.10"]
[Round "2.6"]
[White "Fernandez Cano, Victor"]
[Black "Boj Marques, Javier"]
[Result "1-0"]
[WhiteElo "1766"]
[BlackElo "1968"]
[PlyCount "81"]
[EventDate "2011.08.09"]
[EventType "swiss"]
[EventRounds "9"]
[EventCountry "ESP"]
[SourceTitle "EXT 2024"]
[Source "ChessBase"]
[SourceDate "2023.10.10"]
[SourceVersion "1"]
[SourceVersionDate "2023.10.10"]
[SourceQuality "1"]

1. Nf3 g6 2. d4 Bg7 3. c3 Nf6 4. Bf4 0-0 5. e3 d6 6. Be2 Nbd7 7. 0-0 Qe8 8. h3 e5 9. Bh2 Qe7 10. Na3 a6 11. Rc1 e4 12. Nd2 h5 13. Qc2 Re8 14. b4 Nh7 15. c4 c6 16. Nab1 Ng5 17. h4 Nh7 18. Nc3 f5 19. b5 Ndf6 20. bxc6 bxc6 21. Bf4 Ng4 22. Bxg4 hxg4 23. g3 g5 24. hxg5 Nxg5 25. Bxg5 Qxg5 26. Kg2 Bxd4 27. exd4 e3 28. fxe3 Rxe3 29. Rf4 Ra7 30. Rh1 Rae7 31. Nf1 Re1 32. Qd2 Qg6 33. Rf2 Qe8 34. d5 c5 35. Qh6 Rg7 36. Qxd6 f4 37. Qxf4 Rg6 38. Rh4 Re5 39. Rh6 Rg7 40. Qf6 Re1 41. Qh4 1-0

[Event "Albacete op 18th"]
[Site "Albacete"]
[Date "2010.09.18"]
[Round "8"]
[White "Boj Marques, Javier"]
[Black "Saez Gabikagogeaskoa, Oscar"]
[Result "1-0"]
[WhiteElo "1917"]
[BlackElo "1961"]
[PlyCount "190"]
[EventDate "2010.09.14"]
[EventType "swiss"]
[EventRounds "9"]
[EventCountry "ESP"]
[SourceTitle "CBM 138 Extra"]
[Source "ChessBase"]
[SourceDate "2010.10.29"]
[SourceVersion "1"]
[SourceVersionDate "2010.10.29"]
[SourceQuality "1"]

1. e4 c5 2. Nf3 Nc6 3. d4 cxd4 4. Nxd4 Nf6 5. Nc3 e5 6. Ndb5 d6 7. Nd5 Nxd5 8. exd5 Nb8 9. c4 Be7 10. Be2 0-0 11. Be3 a6 12. Nc3 f5 13. f4 Nd7 14. Qd2 Bh4+ 15. g3 Bf6 16. Rc1 exf4 17. Bxf4 Ne5 18. 0-0 Ng6 19. Be3 f4 20. gxf4 Bh3 21. Rfd1 Bxc3 22. Rxc3 Qh4 23. Bf2 Qxf4 24. Qxf4 Nxf4 25. Bf1 Bxf1 26. Kxf1 Rf7 27. Rd2 Raf8 28. Kg1 Re8 29. Be3 Ng6 30. b4 Rf3 31. Rdd3 Re4 32. Bf2 Rxd3 33. Rxd3 Ne5 34. Rd1 Nxc4 35. Rd4 Rxd4 36. Bxd4 b5 37. Kf2 Kf7 38. Kg3 g6 39. Kf4 h6 40. h4 Nd2 41. Bc3 Nc4 42. Ke4 Nb6 43. Bd2 h5 44. Bg5 Na4 45. Kd4 Nb2 46. Bf4 Ke7 47. Bg5+ Kd7 48. Kc3 Na4+ 49. Kd4 Nb6 50. Ke4 Nc8 51. Bf6 Ne7 52. Bg5 Nf5 53. Bf6 Nh6 54. Bg5 Nf7 55. Bf6 Kc7 56. Kf4 Kd7 57. Ke4 Ke8 58. Kf4 Kf8 59. Ke4 Nh6 60. Bg5 Ng4 61. Bd8 Kf7 62. Bg5 Ne5 63. Bf4 Nc4 64. Bg5 a5 65. bxa5 Nxa5 66. Kd4 Nc4 67. Kc3 Nb6 68. Kb4 Nxd5+ 69. Kxb5 Nc3+ 70. Kc4 Ne4 71. Bd8 Ke6 72. a4 d5+ 73. Kd4 Nd6 74. Bg5 Nb7 75. Bd2 Nd6 76. a5 Nc8 77. Kc5 Na7 78. Kb6 Nc8+ 79. Kc7 Na7 80. Kb6 Nc8+ 81. Kc7 Na7 82. Be3 d4 83. Bxd4 Nb5+ 84. Kb6 Nxd4 85. a6 Nf5 86. a7 Nxh4 87. a8Q Kf5 88. Kc5 Kg5 89. Kd4 Nf5+ 90. Ke4 h4 91. Qd8+ Kg4 92. Qd1+ Kg5 93. Kf3 Ng3 94. Qd5+ Nf5 95. Qd8+ Kh5 1-0

[Event "Albacete op 18th"]
[Site "Albacete"]
[Date "2010.09.16"]
[Round "5"]
[White "Sanchez Jerez, Emilio Miguel"]
[Black "Boj Marques, Javier"]
[Result "1-0"]
[WhiteElo "2282"]
[BlackElo "1917"]
[PlyCount "95"]
[EventDate "2010.09.14"]
[EventType "swiss"]
[EventRounds "9"]
[EventCountry "ESP"]
[SourceTitle "CBM 138 Extra"]
[Source "ChessBase"]
[SourceDate "2010.10.29"]
[SourceVersion "1"]
[SourceVersionDate "2010.10.29"]
[SourceQuality "1"]

1. e4 e6 2. b3 d5 3. Bb2 d4 4. f4 c5 5. Nf3 Nf6 6. d3 Nc6 7. h3 Be7 8. g4 Qc7 9. Qd2 b5 10. a4 b4 11. Bg2 Bb7 12. Bc1 0-0-0 13. Qf2 Nd7 14. 0-0 f6 15. Ne1 Rdf8 16. Nd2 Na5 17. Ndf3 Bd6 18. Qd2 Nc6 19. h4 h5 20. gxh5 Rxh5 21. Bh3 Nd8 22. Ng2 f5 23. Qe2 Rhh8 24. Ng5 Rh6 25. Bd2 Kb8 26. Rae1 Nb6 27. Rf3 Qd7 28. Rg3 Bc7 29. Rf1 a5 30. Kf2 Ka7 31. Ke1 Bb8 32. Kd1 Bd6 33. Re1 Bc6 34. h5 Bxa4 35. bxa4 Qxa4 36. Qf3 Qa2 37. Nh4 Na4 38. exf5 Nc3+ 39. Bxc3 dxc3 40. Ne4 b3 41. cxb3 c2+ 42. Kd2 exf5 43. Nxf5 c1Q+ 44. Kxc1 Bxf4+ 45. Qxf4 Rb6 46. Rxg7+ Nf7 47. Qc7+ Rb7 48. Qxc5+ 1-0

[Event "Albacete op 18th"]
[Site "Albacete"]
[Date "2010.09.15"]
[Round "2"]
[White "Diaz Ivars, Jose Manuel"]
[Black "Boj Marques, Javier"]
[Result "0-1"]
[WhiteElo "1785"]
[BlackElo "1917"]
[PlyCount "80"]
[EventDate "2010.09.14"]
[EventType "swiss"]
[EventRounds "9"]
[EventCountry "ESP"]
[SourceTitle "CBM 138 Extra"]
[Source "ChessBase"]
[SourceDate "2010.10.29"]
[SourceVersion "1"]
[SourceVersionDate "2010.10.29"]
[SourceQuality "1"]

1. e4 c5 2. Nf3 a6 3. Bc4 e6 4. d4 b5 5. Be2 cxd4 6. Nxd4 Bb7 7. Qd3 d6 8. 0-0 Nf6 9. Bf3 Nbd7 10. Nxb5 axb5 11. Bg5 b4 12. Rd1 Ra5 13. Nd2 Rxg5 14. Nc4 Nc5 15. Qe3 Rg6 16. Ne5 Qc7 17. Nxg6 hxg6 18. g3 Be7 19. e5 dxe5 20. Bxb7 Nxb7 21. Qa7 0-0 22. Rac1 Bc5 23. Qa6 Nd5 24. Qb5 Nd6 25. Qe2 Bd4 26. Rb1 Ra8 27. a3 bxa3 28. c3 a2 29. Ra1 Bb6 30. Qxe5 Ra5 31. b4 Ra3 32. Rdc1 Nc4 33. Qe2 Nxc3 34. Qf1 Bd4 35. Qd3 e5 36. Rc2 Nb6 37. Qd2 Qc4 38. Qg5 Qc8 39. Qc1 Qa8 40. Kf1 Qh1# 0-1

[Event "Almansa op-B 5th"]
[Site "Almansa"]
[Date "2010.08.12"]
[Round "6.9"]
[White "Boj Marques, Javier"]
[Black "Gomez Peco, David"]
[Result "0-1"]
[WhiteElo "1893"]
[BlackElo "1982"]
[PlyCount "50"]
[EventDate "2010.08.09"]
[EventType "swiss"]
[EventRounds "9"]
[EventCountry "ESP"]
[SourceTitle "EXT 2024"]
[Source "ChessBase"]
[SourceDate "2023.10.10"]
[SourceVersion "1"]
[SourceVersionDate "2023.10.10"]
[SourceQuality "1"]

1. e4 c5 2. Nf3 Nc6 3. d4 cxd4 4. Nxd4 g6 5. Nc3 Bg7 6. Be3 Nf6 7. Bc4 0-0 8. Bb3 a5 9. a4 d6 10. f3 Bd7 11. Qd2 Rc8 12. 0-0-0 Ne5 13. Bh6 Nc4 14. Qg5 Rc5 15. Nd5 Nxd5 16. exd5 Bf6 17. Qg3 b5 18. Bxf8 Kxf8 19. axb5 a4 20. Bxc4 Rxc4 21. Qf2 Qa5 22. Rd3 Qb4 23. Rhd1 Bf5 24. c3 Bxd3 25. Rxd3 Kg8 0-1

[Event "ESP-ch U18"]
[Site "Linares"]
[Date "2010.07.26"]
[Round "1"]
[White "Colon Garcia, Enrique"]
[Black "Boj Marques, Javier"]
[Result "1-0"]
[WhiteElo "2314"]
[BlackElo "1893"]
[PlyCount "95"]
[EventDate "2010.07.26"]
[EventType "swiss"]
[EventRounds "9"]
[EventCountry "ESP"]
[SourceTitle "CBM 137 Extra"]
[Source "ChessBase"]
[SourceDate "2010.09.01"]
[SourceVersion "1"]
[SourceVersionDate "2010.09.01"]
[SourceQuality "1"]

1. e4 e6 2. d4 d5 3. Nd2 Nf6 4. e5 Nfd7 5. Bd3 c5 6. c3 cxd4 7. cxd4 Nc6 8. Ne2 Qb6 9. Nf3 f6 10. exf6 Nxf6 11. 0-0 Bd6 12. b3 e5 13. dxe5 Nxe5 14. Nxe5 Bxe5 15. Rb1 0-0 16. h3 Bd7 17. Be3 Qb4 18. Rc1 Rfc8 19. Bd2 Qb6 20. Bc3 Bxc3 21. Rxc3 Rxc3 22. Nxc3 Rc8 23. Ne2 Bb5 24. Nd4 Bxd3 25. Qxd3 Qb4 26. Rd1 Re8 27. Kf1 a6 28. Nf5 Qe4 29. Qxe4 dxe4 30. Ke2 g6 31. Ne3 Re7 32. Rd6 Ne8 33. Rd8 Kf7 34. Nd5 Re5 35. Ke3 Ke6 36. Rxe8+ Kxd5 37. Rd8+ Ke6 38. Rd4 Kf5 39. g4+ Kf6 40. Rxe4 Ra5 41. Rf4+ Ke6 42. a4 b5 43. Re4+ Kd6 44. h4 bxa4 45. Rxa4 Re5+ 46. Kf4 a5 47. Rd4+ Rd5 48. Ke4 1-0